000 00309 a2200157 4500
001 190566
020 _a978-0-19-478609-6
040 _cMagnum
100 _aEscott, John
240 1 0 _aThe cat
_lING
245 1 0 _aThe cat
300 _a40
362 0 _a2014
697 _aLITERATURA INGLESA
942 _cBK
999 _c190566
_d190566